Quizzes
Events
Quiz Creation
Community
Videos
Private Events
Remove Ads
Sign In
Join for FREE
Feedback
Dark Mode
Quiz Categories
Sports
Geography
Music
Movies
Television
Just For Fun
Miscellaneous
History
Literature
Language
Science
Gaming
Entertainment
Religion
Holiday
For Kids
Quiz Lab
Recent
Popular Today
Quiz Kudos Today
Editor Picks
Curator Picks
Quizzes by...
Day
Popularity
Type
Ratings
Length
Year
Community
Subscriptions
Recent Discussions
Orange Saloon
Badges
Playlists
Quests
Create
Leaderboards
Showdown
Live 5
Trivia Bingo
Activity
Puzzle Library
Sporcle Events
Private Events
Virtual Trivia
Globe League
Become a Host
Pub Owners
SporcleCon
Opinionation
Our Games
Videos
Blog
Mobile Apps
Partnerships
Remove Ads and Go Orange
Feedback
Sports
Athletes
MLB
NBA
NHL
NFL
Soccer
Sports Teams
WWE
NCAA
Football
Premier League
Basketball
Baseball
Hockey
Golf
Tennis
Cricket
Rugby
Auto Racing
Olympics
World Cup
Sports
Athletes
MLB
NBA
NHL
NFL
Soccer
Sports Teams
WWE
NCAA
Football
Premier League
Basketball
Baseball
Hockey
Golf
Tennis
Cricket
Rugby
Auto Racing
Olympics
World Cup
Random Quiz
Search Sporcle
×
Quiz Lab
Quiz Lab
Sports
Royal
Type in answers that appear in a list
Type in answers that appear in a list
Classic
Best Score? Go Orange.
Royals to steal 20 bases in a season Stats
Can you name the Royals to steal 20 bases in a season?
By
RoyalsRetro
6m
36 Questions
656 Plays
656 Plays
656 Plays
Comments
Comments
Give Quiz Kudos
Give Quiz Kudos
-
- Ratings
hide this ad
Replay
Link that replays current quiz
Next Quiz
Link to next quiz in quiz playlist
You Got
0%
They Got
Avg Score
40%
Avg Friend Score
Upgrade to see
Score Distribution
Jump to the score distribution portion of the page
Score
0/36
Timer
06:00
0
Plays Today
Hint
Answer
% Correct
2012-
2015
Jarrod Dyson
90.4%
1976, 1978
George Brett
89.5%
2014-
2015
Lorenzo Cain
89.5%
1978-
1992
Willie Wilson
82.2%
1999, 2001-
2003
Carlos Beltran
81.4%
2012-
2014
Alcides Escobar
80.6%
1976-
1977, 1979
Frank White
78.8%
1970-
1972, 1974-
1979
Amos Otis
74.5%
1996, 1998-
2000
Johnny Damon
72.1%
1988-
1989
Bo Jackson
61.4%
1976
Hal McRae
55.5%
1991, 1993-
1994
Brian McRae
53.8%
1971-
1978
Fred Patek
50.2%
1985-
1986
Lonnie Smith
41.2%
2003
Angel Berroa
39.3%
1999
Carlos Febles
33.5%
1980, 1982-
1983
UL Washington
33.1%
1982, 1983
John Wathan
32.8%
Hint
Answer
% Correct
2011
Melky Cabrera
31.3%
1995-
1997
Tom Goodwin
30.8%
1994-
1995
Vince Coleman
30.2%
2011
Chris Getz
29%
1976
Al Cowens
26.1%
2008
Joey Gathright
21.8%
1996, 1998
Jose Offerman
21.2%
2011
Jeff Francoeur
21.2%
2002
Michael Tucker
17.5%
2010
Scott Podsednik
15.1%
1989
Jim Eisenreich
13.9%
1993
Felix Jose
12.7%
2003
Desi Relaford
10.5%
2009
Willie Bloomquist
10.2%
1969
Joe Foy
7.8%
1969-
1970
Pat Kelly
6.7%
1976
Jim Wohlford
4.9%
1974
Vada Pinson
3.4%
Quiz Playlist
Details
Report
Send in Message
Add To Playlist
Classic:
Type in answers that appear in a list
Last Updated: Feb 16, 2017
Quiz Scoreboard
CHALLENGE
Sign Up to Join the Scoreboard
Show All
Scores
Hide
Comments
May contain spoilers
Recently Published
9x9 Crossword: Cartoon Network
by jackfrog10
Miscellaneous
3m
College Basketball Coaching Resumes
by pancakes188
Sports
9m
Billboard Blitz: Fleetwood Mac
by CooCooCachoo
Music
15s
More to Explore
Quiz From the Vault
Featured Blog Post
Where Did the Easter Bunny Come From?
hide this ad
You Might Also Like...
Tags
base
Royal
season
steal
Today's Top Quizzes in Sports
Browse Sports
hide this ad
Today's Top Quizzes in Royal
Browse Royal
Top Contributed Quizzes in Sports
1
2022 World Cup Stars
2
Les meilleurs buteurs des matchs entre le PSG et l’OM
3
FIFA Club World Cup Champions
4
Les entraîneurs de l'OM et du PSG au 21e siècle
5
Criteria MLB: Left Handed Sluggers
6
AFC Teams Reveal (Wrong Answers Minefield)
7
2023 MLB Unique Player Accomplishments
8
5-to-1: FBS Animal Nicknames
9
Players with Multiple 50 Home Run Seasons
10
5-to-1: UK Sports Teams
Explore More
Trending Topics
Harry Potter
NBA
Marvel
Anime
Kpop
Crossword
Disney
Song
Soccer
Country
Puzzle
WWE
Pokémon
NFL
The Office
hide this ad
More By:
RoyalsRetro
Quiz
Plays
Rating
Category
Featured
Created
Kansas City Royals Opening Day Starting Pitchers
10,056
4.74
Sports
Apr 29, 2016
Royals players with 20 home runs in a season
886
3.17
Sports
Jun 3, 2016
Royals first basemen
866
Sports
Feb 16, 2017
Royals in the 2,000 hit club
826
4.50
Sports
May 13, 2016
Single-season home run record for each MLB franchise
782
4.67
Sports
May 17, 2017
Go to Creator's Profile
Score Distribution
Quiz Creator Spotlight
RoyalsRetro
Follow
Send a Message
Quizzes Created
-
Created Quiz Play Count
-
More By This Creator
Popular Quizzes Today
1
Find the US States - No Outlines Minefield
2
Find the Countries of Europe - No Outlines Minefield
3
The Countries of the World
4
Find the US States
5
Risky Map Clicking: Biggest States A-Z
6
US States
7
Popular People in 1961
8
Movies - When Are They Set?
More Sports Quizzes
NCAA Profile: Purdue
Published
Trending Quizzes
Risky Map Clicking: Least Populous States A-Z
1-10 Letter G Words
1-10 Letter F Words
Risky Map Clicking: Next State Alphabetically
Adjectives in 80s TV Shows
Recently Updated
Leaping Animals
pecheneg
Reality TV Shows (A-Z)
bhenderson79
Rickey Henderson's Hall of Fame Teammates
pecheneg
Champions League XIs: Arsenal
pecheneg
Quick Pick: Celebrities in WWE's Hall of Fame
aduchscher
A-Z Keypad Blitz II
pecheneg
Multiple Oscar Actors
pecheneg
Mystery Phrase Blitz: Oscar 'Best Actors'
pecheneg
F. Scott Fitzgerald Novels
LTH
Pick 3 Villains
ddd62291
Trending Topics
Marvel
Harry Potter
Crossword
Disney
Anime
NBA
Kpop
The Office
WWE
Pokémon
NFL
Song
Soccer
Country
Puzzle
Your Account Isn't Verified!
In order to create a playlist on Sporcle, you need to verify the email address you used during registration. Go to your
Sporcle Settings
to finish the process.
Report this User
Report this user for behavior that violates our
Community Guidelines
.
Details:
Send Report
Go to the Sporcle.com Mobile Site →
Comments